Tragedy of Romeo and Juliet/ (Record no. 214176)

MARC details
000 -LEADER
fixed length control field 00560nam a22001937a 4500
005 - DATE AND TIME OF LATEST TRANSACTION
control field 20260115153603.0
010 ## - LCCN (DPL NO)
LC control number ENG-147433
020 ## - INTERNATIONAL STANDARD BOOK NUMBER
International Standard Book Number 9789391103187
Terms of availability 125.00
035 ## - SYSTEM CONTROL NUMBER
System control number EN-130965
037 ## - SOURCE OF ACQUISITION
Source of stock number/acquisition DBAD
082 ## - DEWEY DECIMAL CLASSIFICATION NUMBER
Classification number 881
Edition number 2
100 ## - MAIN ENTRY--PERSONAL NAME
Personal name Shakespeare, William
245 ## - TITLE STATEMENT
Title Tragedy of Romeo and Juliet/
Statement of responsibility, etc William Shakespeare
250 ## - EDITION STATEMENT
Edition statement 2
260 ## - PUBLICATION, DISTRIBUTION, ETC. (IMPRINT)
Place of publication, distribution, etc Delhi
Name of publisher, distributor, etc Pharos Books
Date of publication, distribution, etc 2022
270 ## - ADDRESS
Address Plot No.-55, Main Mother Dairy Road, Pandav Nagar,
City Delhi
Postal code 110092
300 ## - PHYSICAL DESCRIPTION
Extent 152p.
Dimensions 21cm(pb)
942 ## - ADDED ENTRY ELEMENTS (KOHA)
Source of classification or shelving scheme Dewey Decimal Classification
Item type English Books
Classification part 881
Call number suffix SHA
Holdings
Withdrawn status Lost status Not for loan Collection code Home library Current library Date acquired Source of acquisition Cost, normal purchase price Full call number Barcode Copy number Cost, replacement price Koha item type
      Non-fiction Patel Nagar Patel Nagar 15/01/2026 Delivery of Books Act Division 125.00 881 SHA EN-130965 1 125.00 English Books

© Delhi Public Library
Hit Counter
free hit counter